书目信息 |
| 题名: |
美国平等的历程
|
|
| 作者: | 波尔 著 ;张聚国 译 | |
| 分册: | ||
| 出版信息: | 北京 商务印书馆 2007 |
|
| 页数: | 467页 | |
| 开本: | 24cm | |
| 丛书名: | ||
| 单 册: | ||
| 中图分类: | D771.224 | |
| 科图分类: | ||
| 主题词: | 平等--研究--美国 , 平等 | |
| 电子资源: | ||
| ISBN: | 7-100-05019-7 | |
| 000 | 01064nam0 2200277 450 | |
| 001 | 1233164047 | |
| 005 | 20121005091325.14 | |
| 010 | @a7-100-05019-7@dCNY40.00 | |
| 100 | @a20070327d2007 em y0chiy50 ea | |
| 101 | 1 | @achi@ceng |
| 102 | @aCN@b110000 | |
| 105 | @ay z 001yy | |
| 200 | 1 | @a美国平等的历程@Amei guo ping deng de li cheng@f(英)J. R. 波尔(J. R. Pole)著@g张聚国译 |
| 210 | @a北京@c商务印书馆@d2007 | |
| 215 | @a467页@d24cm | |
| 305 | @a根据加利福尼亚大学出版社(University of California Press)1993年版译出 | |
| 312 | @a封面英文题名:The pursuit of equality in American history | |
| 330 | @a本书作者运用历史的和分析的方法将“政治平等”、“法律面前的平等”、“宗教平等”、“机会平等”、‘性别平等”、“受尊重的平等”这六种平等的类型加以区别和探讨。 | |
| 510 | 1 | @aPursuit of equality in American history@zeng |
| 606 | 0 | @a平等@x研究@y美国 |
| 606 | 0 | @a平等 |
| 690 | @aD771.224@v4 | |
| 701 | 0 | @c(英)@a波尔@Abo er@c(Pole, J. R.)@4著 |
| 702 | 0 | @a张聚国@Azhang ju guo@4译 |
| 801 | 0 | @aCN@bNLC@c20101222 |
| 905 | @a10447@dD771.224@eJY47 | |
| 美国平等的历程/(英)J. R. 波尔(J. R. Pole)著/张聚国译.-北京:商务印书馆,2007 |
| 467页;24cm |
| ISBN 7-100-05019-7:CNY40.00 |
| 本书作者运用历史的和分析的方法将“政治平等”、“法律面前的平等”、“宗教平等”、“机会平等”、‘性别平等”、“受尊重的平等”这六种平等的类型加以区别和探讨。 |
| ● |
| 相关链接 |
|
|
|
|
正题名:美国平等的历程
索取号:D771.224/JY47
 
预约/预借
| 序号 | 登录号 | 条形码 | 馆藏地/架位号 | 状态 | 备注 |
| 1 | 7812494 | 278124940 | 学院路分馆/ [索取号:D771.224/JY47] | 在馆 | |
| 2 | 7812495 | 278124959 | 学院路分馆/ [索取号:D771.224/JY47] | 在馆 |